| 000 | 00578nam a2200181Ia 4500 | ||
|---|---|---|---|
| 003 | GCL | ||
| 008 | 140319s9999 xx 000 0 ara d | ||
| 040 |
_aGCL / _cGCL |
||
| 082 | 0 | 4 |
_a327.73 _bك و |
| 100 | 1 | _aكوانت، وليام ب . | |
| 245 | 1 | 0 |
_aالولايات المتحدة الاميريكية ومصر / _cكوانت، وليام ب . |
| 300 | _a106 ص | ||
| 490 | _a | ||
| 650 | 0 | 4 | _aالولايات المتحدة الامريكية |
| 650 | 0 | 4 | _aالعلاقات الخارجية |
| 650 | 0 | 4 | _aمصر - العلاقات الخارجية |
| 942 |
_2ddc _cBK |
||
| 999 |
_c44809 _d44809 |
||